[Event "14. Abierto de la Constitucion"]
[Site "San Sebastian delos Reyes ESP"]
[Date "2012.12.01"]
[Round "1.2"]
[White "Sebastian Enesco, Alex"]
[Black "Almagro Llamas, Pablo"]
[Result "0-1"]
[WhiteElo "1731"]
[BlackElo "2442"]
[PlyCount "48"]
[EventDate "2012.12.01"]
[EventType "swiss"]
[EventRounds "9"]
[EventCountry "ESP"]
[Source "lmi"]
[SourceDate "2012.12.01"]

1. e4 c5 2. b4 cxb4 3. a3 bxa3 4. Bxa3 d6 5. Nc3 g6 6. Rb1 Bg7 7. d4 Nc6 8. Bb5
Bd7 9. Bxc6 Bxc6 10. Nge2 b6 11. O-O Nf6 12. d5 Bb7 13. f4 O-O 14. h3 Rc8 15.
e5 dxe5 16. d6 exd6 17. fxe5 Ne4 18. Nb5 Bxe5 19. Nxa7 Nc3 20. Nxc3 Rxc3 21.
Nb5 Qg5 22. Qg4 Qe3+ 23. Kh1 Rxc2 24. Rg1 h5 0-1

[Event "14. Abierto de la Constitucion"]
[Site "San Sebastian delos Reyes ESP"]
[Date "2012.12.01"]
[Round "1.3"]
[White "Roa Alonso, Santiago"]
[Black "Engelbrecht, Kevin P"]
[Result "1-0"]
[WhiteElo "2412"]
[BlackElo "1702"]
[PlyCount "61"]
[EventDate "2012.12.01"]
[EventType "swiss"]
[EventRounds "9"]
[EventCountry "ESP"]
[Source "lmi"]
[SourceDate "2012.12.01"]

1. g3 Nf6 2. Bg2 d5 3. Nf3 c6 4. b3 g6 5. Bb2 Bg7 6. O-O O-O 7. c4 Bf5 8. d3
Nbd7 9. Nbd2 Re8 10. Nd4 e5 11. Nxf5 gxf5 12. cxd5 cxd5 13. Nf3 f4 14. Nh4 fxg3
15. hxg3 Nf8 16. Nf5 Ng6 17. Nxg7 Kxg7 18. e3 h5 19. Bh3 Ng4 20. Bxg4 hxg4 21.
Qxg4 Qc8 22. Qxc8 Raxc8 23. Rfc1 f6 24. Kf1 d4 25. exd4 exd4 26. Bxd4 b6 27.
Be3 Rcd8 28. Rc7+ Re7 29. Rac1 Rdd7 30. Rxd7 Rxd7 31. Ke2 1-0

[Event "14. Abierto de la Constitucion"]
[Site "San Sebastian delos Reyes ESP"]
[Date "2012.12.01"]
[Round "1.4"]
[White "Hernandez Ramos, David"]
[Black "Valles Moreno, Ivan"]
[Result "0-1"]
[WhiteElo "1701"]
[BlackElo "2382"]
[PlyCount "94"]
[EventDate "2012.12.01"]
[EventType "swiss"]
[EventRounds "9"]
[EventCountry "ESP"]
[Source "lmi"]
[SourceDate "2012.12.01"]

1. d4 d6 2. c4 g6 3. g3 Bg7 4. Bg2 Nd7 5. e4 e5 6. d5 a5 7. Nc3 Ngf6 8. Nge2
O-O 9. O-O Nc5 10. Be3 Ng4 11. Bxc5 dxc5 12. h3 Nf6 13. a4 Ne8 14. Rc1 Bd7 15.
Qb3 Nd6 16. Nb5 Bxb5 17. cxb5 b6 18. Nc3 f5 19. Rce1 f4 20. Ne2 Qf6 21. Bf3
fxg3 22. fxg3 Qg5 23. Bg2 Qd2 24. Qc3 Rxf1+ 25. Kxf1 Qxc3 26. Nxc3 Nc4 27. Re2
Bh6 28. Nd1 Nd2+ 29. Ke1 Nb3 30. Rf2 Nd4 31. Bf1 Kg7 32. Bg2 Bc1 33. Bf1 h5 34.
Bc4 Rd8 35. Bf1 h4 36. g4 Bf4 37. Rg2 Rf8 38. Bc4 Bg3+ 39. Kd2 Rf3 40. Nc3 Bf4+
41. Kd1 Rxh3 42. Rg1 Rh2 43. Ne2 Be3 44. Rf1 h3 45. Nxd4 exd4 46. d6 cxd6 47.
Rf7+ Kh6 0-1

[Event "14. Abierto de la Constitucion"]
[Site "San Sebastian delos Reyes ESP"]
[Date "2012.12.01"]
[Round "1.6"]
[White "Garceran Izquierdo, Ruben"]
[Black "Adan Bermudez, Sergio"]
[Result "0-1"]
[WhiteElo "1669"]
[BlackElo "2285"]
[PlyCount "70"]
[EventDate "2012.12.01"]
[EventType "swiss"]
[EventRounds "9"]
[EventCountry "ESP"]
[Source "lmi"]
[SourceDate "2012.12.01"]

1. c4 d6 2. d4 Nf6 3. Nc3 e5 4. dxe5 dxe5 5. Qxd8+ Kxd8 6. Bg5 Be6 7. O-O-O+
Nbd7 8. Nf3 Kc8 9. e3 c6 10. a3 Ng4 11. Bh4 f6 12. Ne4 Nh6 13. Nfd2 Nf5 14. Bg3
Be7 15. h4 h5 16. Be2 a5 17. a4 g6 18. Nb1 Nxg3 19. Nxg3 f5 20. Nc3 Bb4 21. Na2
Nc5 22. Kc2 f4 23. exf4 exf4 24. Nxb4 axb4 25. Nf1 Bf5+ 26. Bd3 Nxd3 27. Rxd3
Rd8 28. b3 Rxd3 29. Kb2 b5 30. axb5 Rd1 31. Ng3 Rd2+ 32. Kc1 Rc2+ 33. Kb1 fxg3
34. fxg3 Re2+ 35. Kc1 Ra1# 0-1

[Event "14. Abierto de la Constitucion"]
[Site "San Sebastian delos Reyes ESP"]
[Date "2012.12.01"]
[Round "1.7"]
[White "Gonzalez Mateos, Rafael"]
[Black "Garcia Lopez, Fernando"]
[Result "1-0"]
[WhiteElo "2128"]
[BlackElo "1657"]
[PlyCount "59"]
[EventDate "2012.12.01"]
[EventType "swiss"]
[EventRounds "9"]
[EventCountry "ESP"]
[Source "lmi"]
[SourceDate "2012.12.01"]

1. d4 Nf6 2. c3 g6 3. Bg5 Bg7 4. Nd2 O-O 5. e4 d6 6. f4 Bg4 7. Qb3 Nbd7 8. h3
h6 9. Bxf6 Nxf6 10. hxg4 Nxg4 11. Be2 Qd7 12. Nh3 Ne3 13. Bf3 a5 14. a4 Rfc8
15. Kf2 Ng4+ 16. Kg1 Rcb8 17. Nf2 Nxf2 18. Kxf2 b5 19. e5 Ra7 20. axb5 Rxb5 21.
Qa4 c5 22. Rhb1 dxe5 23. fxe5 Bxe5 24. Ne4 cxd4 25. c4 Rb4 26. Qxd7 Rxd7 27.
Rxa5 f6 28. Nc5 Rd6 29. Nd3 Rxc4 30. Bd5+ 1-0

[Event "14. Abierto de la Constitucion"]
[Site "San Sebastian delos Reyes ESP"]
[Date "2012.12.01"]
[Round "1.8"]
[White "Perez-Nuñez Castillo, Jose Antonio"]
[Black "Bustos Serrano, Doroteo"]
[Result "0-1"]
[WhiteElo "1647"]
[BlackElo "2098"]
[PlyCount "48"]
[EventDate "2012.12.01"]
[EventType "swiss"]
[EventRounds "9"]
[EventCountry "ESP"]
[Source "lmi"]
[SourceDate "2012.12.01"]

1. d4 b6 2. Nf3 Bb7 3. e3 e6 4. g3 Nf6 5. Bg2 c5 6. O-O Be7 7. c4 O-O 8. Nc3
Na6 9. b3 Nc7 10. Bb2 Qc8 11. Qc2 Rd8 12. Rfd1 cxd4 13. Rxd4 d5 14. cxd5 Ncxd5
15. Rc1 Bc5 16. Nxd5 Bxd5 17. Rh4 Be7 18. Rd4 Qxc2 19. Rxc2 Rac8 20. Rdd2 Bb4
21. Rxc8 Rxc8 22. Re2 Be4 23. Ne5 Bc2 24. a3 Bd1 0-1

[Event "14. Abierto de la Constitucion"]
[Site "San Sebastian delos Reyes ESP"]
[Date "2012.12.01"]
[Round "1.9"]
[White "Lopez De Turiso, Jose Angel"]
[Black "San Felipe Gonzalez, Tomas"]
[Result "1-0"]
[WhiteElo "2070"]
[BlackElo "1646"]
[PlyCount "57"]
[EventDate "2012.12.01"]
[EventType "swiss"]
[EventRounds "9"]
[EventCountry "ESP"]
[Source "lmi"]
[SourceDate "2012.12.01"]

1. e4 e5 2. f4 d5 3. exd5 e4 4. Nc3 Nf6 5. Bb5+ Bd7 6. Bc4 a6 7. d3 Bb4 8. Nge2
O-O 9. O-O b5 10. Bb3 Re8 11. dxe4 Nxe4 12. Nxe4 Rxe4 13. Ng3 Re8 14. c3 Bc5+
15. Kh1 Qc8 16. Qd3 Re7 17. Bd2 a5 18. Rae1 Na6 19. Bc2 g6 20. f5 Rxe1 21. Bxe1
Qe8 22. fxg6 hxg6 23. Bd2 Bf8 24. Nh5 Bg7 25. Nxg7 Kxg7 26. Qd4+ Kh7 27. Rf4 f6
28. Qxf6 Bf5 29. Rh4+ 1-0

[Event "14. Abierto de la Constitucion"]
[Site "San Sebastian delos Reyes ESP"]
[Date "2012.12.01"]
[Round "1.10"]
[White "Cavalle Pulla, Juan"]
[Black "Garcia Prados, David"]
[Result "0-1"]
[WhiteElo "1557"]
[BlackElo "2025"]
[PlyCount "62"]
[EventDate "2012.12.01"]
[EventType "swiss"]
[EventRounds "9"]
[EventCountry "ESP"]
[Source "lmi"]
[SourceDate "2012.12.01"]

1. e4 c5 2. Nf3 e6 3. d4 cxd4 4. Nxd4 Nf6 5. Nc3 Bb4 6. Bd2 Bxc3 7. Bxc3 Nxe4
8. Qg4 Nxc3 9. Qxg7 Rf8 10. bxc3 d5 11. Bb5+ Bd7 12. Bxd7+ Nxd7 13. Qxh7 Qa5
14. Qh3 O-O-O 15. O-O Ne5 16. Rfe1 Nc4 17. Nb3 Qc7 18. Qg3 e5 19. Rad1 f5 20.
Nd2 Nxd2 21. Rxd2 f4 22. Qg5 Qxc3 23. Rde2 e4 24. Rd1 f3 25. gxf3 Rg8 26. f4
Rxg5+ 27. fxg5 Qf3 28. Re3 Qxd1+ 29. Kg2 Rg8 30. Rg3 Qxc2 31. a3 Rf8 0-1

[Event "14. Abierto de la Constitucion"]
[Site "San Sebastian delos Reyes ESP"]
[Date "2012.12.01"]
[Round "1.13"]
[White "Esquivias Gomez, Francisco J"]
[Black "Martin Rodriguez, Jose Luis"]
[Result "1-0"]
[WhiteElo "1981"]
[BlackElo "1443"]
[PlyCount "59"]
[EventDate "2012.12.01"]
[EventType "swiss"]
[EventRounds "9"]
[EventCountry "ESP"]
[Source "lmi"]
[SourceDate "2012.12.01"]

1. e4 e6 2. d4 d5 3. e5 c5 4. Nf3 Nc6 5. Bd3 Qb6 6. O-O cxd4 7. a3 Bd7 8. b4
Nge7 9. Re1 Ng6 10. h4 Qc7 11. Qe2 Nge7 12. b5 Na5 13. Nxd4 Nc4 14. Nd2 Nxd2
15. Bxd2 Nc8 16. Nb3 Qd8 17. g3 b6 18. h5 Ne7 19. Nd4 h6 20. Bb4 Nf5 21. Nxf5
exf5 22. e6 fxe6 23. Bxf5 Bxb4 24. Bg6+ Ke7 25. axb4 Rf8 26. Qe5 Rf6 27. Qxd5
Kf8 28. Qe5 Rc8 29. Rxa7 Rxc2 30. Bxc2 1-0

[Event "14. Abierto de la Constitucion"]
[Site "San Sebastian delos Reyes ESP"]
[Date "2012.12.01"]
[Round "1.14"]
[White "Hernandez Ramos, Alberto"]
[Black "Garcia-Ruiz Fuentes, Angel M"]
[Result "1/2-1/2"]
[WhiteElo "1425"]
[BlackElo "1968"]
[PlyCount "71"]
[EventDate "2012.12.01"]
[EventType "swiss"]
[EventRounds "9"]
[EventCountry "ESP"]
[Source "lmi"]
[SourceDate "2012.12.01"]

1. e4 c5 2. Nf3 d6 3. d4 cxd4 4. Nxd4 Nf6 5. Nc3 a6 6. Bg5 e6 7. f4 Qc7 8. Qf3
b5 9. a3 Nbd7 10. O-O-O Rb8 11. Bd3 b4 12. axb4 Rxb4 13. Nb3 Nc5 14. Nxc5 Qxc5
15. Bxf6 gxf6 16. Rhe1 Bd7 17. Qe3 Qc7 18. Be2 Qb8 19. b3 a5 20. Rd4 Qb6 21.
Rd3 Qc7 22. Rd4 d5 23. Rxb4 Bxb4 24. Nb5 Qb7 25. Nc3 dxe4 26. Rd1 f5 27. Rxd7
Kxd7 28. Qd4+ Ke7 29. Qxh8 Qb6 30. Kb2 Qf2 31. Bb5 Qxf4 32. Qe8+ Kf6 33. Qh8+
Kg6 34. Qg8+ Kh6 35. Qh8 Qg5 36. g3 1/2-1/2

[Event "14. Abierto de la Constitucion"]
[Site "San Sebastian delos Reyes ESP"]
[Date "2012.12.01"]
[Round "1.15"]
[White "Camarero Izquierdo, Juan C"]
[Black "Anton Quevedo, Andrea"]
[Result "1-0"]
[WhiteElo "1924"]
[BlackElo "1419"]
[PlyCount "61"]
[EventDate "2012.12.01"]
[EventType "swiss"]
[EventRounds "9"]
[EventCountry "ESP"]
[Source "lmi"]
[SourceDate "2012.12.01"]

1. d4 Nf6 2. Nc3 d5 3. Bg5 e6 4. e4 Be7 5. Bxf6 Bxf6 6. e5 Be7 7. Qg4 O-O 8.
O-O-O f6 9. f4 Nc6 10. h4 Bd7 11. Nf3 fxe5 12. dxe5 Rf7 13. Ng5 Bxg5 14. hxg5
g6 15. Bd3 Rg7 16. Rh6 Qe7 17. Rdh1 Be8 18. Qh3 Rd8 19. Nd1 Rd7 20. Ne3 Qf7 21.
g3 Ne7 22. Ng4 Kh8 23. Nf6 Ng8 24. Nxd7 Qxd7 25. Rh4 c5 26. c4 d4 27. g4 Qe7
28. Kb1 b6 29. f5 exf5 30. gxf5 gxf5 31. Bxf5 1-0

[Event "14. Abierto de la Constitucion"]
[Site "San Sebastian delos Reyes ESP"]
[Date "2012.12.01"]
[Round "1.16"]
[White "Hidalgo Prado, David"]
[Black "Marcos Herrero, Francisco"]
[Result "0-1"]
[WhiteElo "1407"]
[BlackElo "1923"]
[PlyCount "78"]
[EventDate "2012.12.01"]
[EventType "swiss"]
[EventRounds "9"]
[EventCountry "ESP"]
[Source "lmi"]
[SourceDate "2012.12.01"]

1. e4 c5 2. Nf3 d6 3. d3 Nc6 4. c3 g6 5. Be3 Bg7 6. Be2 Nf6 7. h3 O-O 8. O-O e5
9. Qc1 Qb6 10. a3 a5 11. c4 Nd4 12. Nxd4 cxd4 13. Bd2 Nd7 14. b4 axb4 15. Bxb4
Nc5 16. Qb2 Bd7 17. Nd2 f5 18. f3 Bh6 19. Rfb1 Rfb8 20. Nb3 fxe4 21. Nxc5 dxc5
22. Bd2 Qxb2 23. Rxb2 Bxd2 24. Rxd2 e3 25. Rb2 Ra6 26. Bd1 Bc6 27. Kf1 Kf7 28.
h4 Ke7 29. a4 Rf8 30. a5 e4 31. dxe4 Bxe4 32. Kg1 Bc6 33. Be2 Rfa8 34. g4 Rxa5
35. Rxa5 Rxa5 36. f4 Ra3 37. Kf1 d3 38. Bxd3 Rxd3 39. Ke2 Rc3 0-1

[Event "14. Abierto de la Constitucion"]
[Site "San Sebastian delos Reyes ESP"]
[Date "2012.12.01"]
[Round "1.17"]
[White "Gueler Berdasco, Martin"]
[Black "Jimenez Perez, Federico"]
[Result "1-0"]
[WhiteElo "1921"]
[BlackElo "1275"]
[PlyCount "73"]
[EventDate "2012.12.01"]
[EventType "swiss"]
[EventRounds "9"]
[EventCountry "ESP"]
[Source "lmi"]
[SourceDate "2012.12.01"]

1. b4 d6 2. Bb2 Nf6 3. d3 Nbd7 4. Nd2 e5 5. Ngf3 Be7 6. g3 O-O 7. Bg2 c6 8. c4
Qc7 9. a4 Rb8 10. b5 a5 11. O-O Qb6 12. Rb1 c5 13. Bc3 Qc7 14. b6 Qd8 15. Bxa5
d5 16. cxd5 Nxd5 17. Nc4 Bf6 18. Bd2 Re8 19. a5 e4 20. dxe4 Rxe4 21. Nd6 Re6
22. Nb5 h6 23. Nh4 Ne5 24. Bxd5 Bxh4 25. Bf4 Qf6 26. Bxe6 Bxe6 27. Qd6 Nc4 28.
Qxb8+ Kh7 29. gxh4 Qxh4 30. Bg3 Qe4 31. Nd6 Qxe2 32. Nxc4 Bxc4 33. Qe5 Qf3 34.
Qf4 Qd5 35. Rbd1 Qe6 36. Rfe1 Be2 37. Rd2 1-0

[Event "14. Abierto de la Constitucion"]
[Site "San Sebastian delos Reyes ESP"]
[Date "2012.12.01"]
[Round "1.18"]
[White "Rausell Tamayo, Estrella"]
[Black "Sacristan Virseda, Fernando"]
[Result "0-1"]
[WhiteElo "1260"]
[BlackElo "1915"]
[PlyCount "56"]
[EventDate "2012.12.01"]
[EventType "swiss"]
[EventRounds "9"]
[EventCountry "ESP"]
[Source "lmi"]
[SourceDate "2012.12.01"]

1. e4 c5 2. Nf3 e6 3. d4 cxd4 4. Nxd4 Nf6 5. f3 Nc6 6. c4 Qb6 7. Nc2 Bc5 8. Qe2
O-O 9. b3 d5 10. e5 Nd7 11. Bb2 dxc4 12. Nd2 cxb3 13. Nxb3 Bb4+ 14. Nd2 Bxd2+
15. Qxd2 Qxb2 16. f4 Nc5 17. Qc1 Qc3+ 18. Kf2 Ne4+ 19. Kg1 Nd4 20. Ne3 b6 21.
Qxc3 Nxc3 22. g3 Bb7 23. Bg2 Nce2+ 24. Kf2 Bxg2 25. Kxg2 Rac8 26. Kh3 Rc3 27.
Ng4 Nxf4+ 28. Kh4 Nf3# 0-1

[Event "14. Abierto de la Constitucion"]
[Site "San Sebastian delos Reyes ESP"]
[Date "2012.12.01"]
[Round "1.19"]
[White "Lopez Ziegler, Carlos"]
[Black "Rodriguez Orgaz, Cesar"]
[Result "1-0"]
[WhiteElo "1910"]
[BlackElo "1818"]
[PlyCount "67"]
[EventDate "2012.12.01"]
[EventType "swiss"]
[EventRounds "9"]
[EventCountry "ESP"]
[Source "lmi"]
[SourceDate "2012.12.01"]

1. e4 e6 2. d4 d5 3. e5 c5 4. Nf3 Nc6 5. Bd3 cxd4 6. O-O Nge7 7. Re1 Ng6 8.
Nbd2 Be7 9. Nf1 Qc7 10. Qe2 Bd7 11. a3 a6 12. Ng3 O-O 13. Bd2 b5 14. b4 Qb6 15.
Rab1 Rfb8 16. Nh5 Qd8 17. g3 Nf8 18. h4 Be8 19. Nf4 Ng6 20. Nxg6 hxg6 21. Kg2
Ra7 22. Rh1 Rab7 23. Ng5 Qc7 24. f4 a5 25. Qg4 axb4 26. axb4 Ra8 27. h5 Nxe5
28. fxe5 Qxe5 29. Rbe1 Qd6 30. hxg6 Bxg5 31. Bxg5 e5 32. Rh8+ Kxh8 33. Qh5+ Kg8
34. Qh7+ 1-0

[Event "14. Abierto de la Constitucion"]
[Site "San Sebastian delos Reyes ESP"]
[Date "2012.12.01"]
[Round "1.21"]
[White "De La Orden Alcocer, Alejandro"]
[Black "De Vicente Guijarro, Juan"]
[Result "1-0"]
[WhiteElo "1895"]
[BlackElo "1784"]
[PlyCount "37"]
[EventDate "2012.12.01"]
[EventType "swiss"]
[EventRounds "9"]
[EventCountry "ESP"]
[Source "lmi"]
[SourceDate "2012.12.01"]

1. c4 f5 2. Nf3 Nf6 3. g3 g6 4. Nc3 Bg7 5. Bg2 O-O 6. d3 d6 7. O-O e5 8. Rb1 a5
9. a3 c6 10. b4 Nfd7 11. Bg5 Qc7 12. Qd2 axb4 13. axb4 f4 14. Ne4 h6 15. Be7 d5
16. cxd5 cxd5 17. Nc3 e4 18. Nxd5 Qc6 19. dxe4 1-0

[Event "14. Abierto de la Constitucion"]
[Site "San Sebastian delos Reyes ESP"]
[Date "2012.12.01"]
[Round "1.22"]
[White "Moset Grande, Javier"]
[Black "Lozano Sanchez, Jose Antonio"]
[Result "1/2-1/2"]
[WhiteElo "1767"]
[BlackElo "1893"]
[PlyCount "71"]
[EventDate "2012.12.01"]
[EventType "swiss"]
[EventRounds "9"]
[EventCountry "ESP"]
[Source "lmi"]
[SourceDate "2012.12.01"]

1. c4 e5 2. Nc3 Nc6 3. g3 Bc5 4. Nf3 d6 5. Bg2 a6 6. a3 a5 7. Rb1 Nf6 8. d3 Bf5
9. Bg5 h6 10. Bxf6 Qxf6 11. Nd5 Qd8 12. b4 axb4 13. axb4 Ba7 14. Nd2 O-O 15.
O-O Qd7 16. Nb3 Nd4 17. Nxd4 Bxd4 18. e3 Ba7 19. Nc3 c6 20. b5 Bc5 21. Ne4 Bxe4
22. Bxe4 d5 23. Bg2 Ra3 24. Qc2 Be7 25. Rfd1 Rfa8 26. bxc6 bxc6 27. Qb2 Qe6 28.
Qb7 R8a5 29. Rb6 Ra1 30. Rdb1 Rxb1+ 31. Rxb1 dxc4 32. dxc4 Rc5 33. Qa8+ Kh7 34.
Rb6 Rxc4 35. Rxc6 Rxc6 36. Qxc6 1/2-1/2

[Event "14. Abierto de la Constitucion"]
[Site "San Sebastian delos Reyes ESP"]
[Date "2012.12.01"]
[Round "1.23"]
[White "Santamaria Farran, Pablo"]
[Black "Alfaya Martinez, Enrique"]
[Result "1-0"]
[WhiteElo "1880"]
[BlackElo "1510"]
[PlyCount "89"]
[EventDate "2012.12.01"]
[EventType "swiss"]
[EventRounds "9"]
[EventCountry "ESP"]
[Source "lmi"]
[SourceDate "2012.12.01"]

1. e4 c5 2. Nf3 Nc6 3. d4 cxd4 4. Nxd4 e5 5. Nb5 a6 6. Nd6+ Bxd6 7. Qxd6 Qf6 8.
Qd1 Qg6 9. Nc3 d5 10. Nxd5 Qxe4+ 11. Be3 Nd4 12. Nc7+ Ke7 13. Rc1 Bg4 14. Qd3
Qxd3 15. Bxd3 Rd8 16. h3 Bh5 17. f4 f6 18. fxe5 fxe5 19. O-O Kd6 20. Bxd4 exd4
21. Nd5 Ne7 22. Nxe7 Kxe7 23. c3 dxc3 24. Rxc3 Rd6 25. Be4 b5 26. Rc7+ Rd7 27.
Rc6 Rd6 28. Rc5 Bf7 29. Rc7+ Ke6 30. Rcxf7 Rd2 31. R7f2 Rhd8 32. Rxd2 Rxd2 33.
Rf2 Rd1+ 34. Kh2 g6 35. Rc2 Ke5 36. Bf3 Rd6 37. b3 b4 38. Rc6 Rxc6 39. Bxc6 Kd4
40. Kg3 Kc3 41. Kf4 Kb2 42. Kg5 Kxa2 43. Bd5 Ka3 44. Kh6 a5 45. Kxh7 1-0

[Event "14. Abierto de la Constitucion"]
[Site "San Sebastian delos Reyes ESP"]
[Date "2012.12.01"]
[Round "1.24"]
[White "Bachiller Guitian, Eduardo"]
[Black "Largo Barbero, Benito"]
[Result "0-1"]
[WhiteElo "1501"]
[BlackElo "1871"]
[PlyCount "76"]
[EventDate "2012.12.01"]
[EventType "swiss"]
[EventRounds "9"]
[EventCountry "ESP"]
[Source "lmi"]
[SourceDate "2012.12.01"]

1. e4 e6 2. d4 d5 3. e5 c5 4. c3 Nc6 5. Nf3 Qb6 6. Na3 cxd4 7. cxd4 Bd7 8. Bb5
Nxe5 9. Bxd7+ Nxd7 10. O-O Ngf6 11. Qc2 Bd6 12. Bg5 O-O 13. Rfe1 Rac8 14. Qd2
Bb4 15. Qe3 Bxe1 16. Rxe1 Qxb2 17. Qb3 Qxb3 18. axb3 a6 19. b4 Rc3 20. Bc1 Rfc8
21. Bb2 Rb3 22. Re2 Rxb2 23. Kf1 Rxe2 24. Kxe2 Rc3 25. Nb1 Rb3 26. Nbd2 Rxb4
27. Kd3 a5 28. Kc3 Ne4+ 29. Nxe4 dxe4 30. Nd2 f5 31. g3 Nb6 32. Nf1 Nd5+ 33.
Kc2 Rxd4 34. Kb3 a4+ 35. Ka3 b5 36. h3 Rd1 37. Nh2 Rh1 38. Ng4 fxg4 0-1

[Event "14. Abierto de la Constitucion"]
[Site "San Sebastian delos Reyes ESP"]
[Date "2012.12.01"]
[Round "1.25"]
[White "Plazuelo Pascual, Juan"]
[Black "Sanandres Rivas, Jose Antonio"]
[Result "1-0"]
[WhiteElo "1851"]
[BlackElo "1397"]
[PlyCount "49"]
[EventDate "2012.12.01"]
[EventType "swiss"]
[EventRounds "9"]
[EventCountry "ESP"]
[Source "lmi"]
[SourceDate "2012.12.01"]

1. e4 e5 2. Nf3 Nc6 3. Bb5 Bc5 4. O-O Nf6 5. c3 d5 6. Nxe5 a6 7. Nxc6 bxc6 8.
Bxc6+ Bd7 9. Bxa8 Qxa8 10. d4 Bd6 11. e5 Be7 12. exf6 Bxf6 13. Re1+ Be6 14. Bf4
Qb7 15. Qb3 Qc6 16. Qb8+ Bd8 17. Nd2 Qd7 18. Qb7 a5 19. Nb3 a4 20. Nc5 Qe7 21.
Qc6+ Bd7 22. Rxe7+ Bxe7 23. Qxd7+ Kf8 24. Qc8+ Bd8 25. Qxd8# 1-0

[Event "14. Abierto de la Constitucion"]
[Site "San Sebastian delos Reyes ESP"]
[Date "2012.12.02"]
[Round "2.1"]
[White "Minguela Muñoz, Bienvenido"]
[Black "Roa Alonso, Santiago"]
[Result "0-1"]
[WhiteElo "1898"]
[BlackElo "2412"]
[PlyCount "60"]
[EventDate "2012.12.01"]
[EventType "swiss"]
[EventRounds "9"]
[EventCountry "ESP"]
[Source "lmi"]
[SourceDate "2012.12.01"]

1. Nf3 Nf6 2. d4 e6 3. c4 b6 4. Nc3 Bb7 5. Qc2 Bb4 6. Bg5 h6 7. Bxf6 Qxf6 8. a3
Bxc3+ 9. Qxc3 c5 10. e3 Bxf3 11. gxf3 Nc6 12. d5 Qxc3+ 13. bxc3 Na5 14. Bd3 Ke7
15. Rg1 Rag8 16. f4 g5 17. f5 exf5 18. Ke2 Kf6 19. Rg2 Nb7 20. Rag1 Nd6 21. h4
g4 22. f3 h5 23. Kf2 Re8 24. a4 Re7 25. fxg4 hxg4 26. Bxf5 Kxf5 27. Rxg4 Re4
28. Rg5+ Kf6 29. h5 Rxc4 30. R5g3 Ne4+ 0-1

[Event "14. Abierto de la Constitucion"]
[Site "San Sebastian delos Reyes ESP"]
[Date "2012.12.02"]
[Round "2.2"]
[White "Adan Bermudez, Sergio"]
[Black "De La Orden Alcocer, Alejandro"]
[Result "1-0"]
[WhiteElo "2285"]
[BlackElo "1895"]
[PlyCount "95"]
[EventDate "2012.12.01"]
[EventType "swiss"]
[EventRounds "9"]
[EventCountry "ESP"]
[Source "lmi"]
[SourceDate "2012.12.01"]

1. c4 c5 2. g3 Nc6 3. Bg2 Nf6 4. Nc3 Qa5 5. d3 d6 6. Bd2 Qb6 7. Rb1 e6 8. a3
Be7 9. b4 cxb4 10. axb4 Ng4 11. Nh3 Bd7 12. b5 Nd8 13. Na4 Qc7 14. b6 Qb8 15.
bxa7 Rxa7 16. Nc3 O-O 17. O-O Nc6 18. Nb5 Ra2 19. Bc3 Rc8 20. Nf4 Nd8 21. Qb3
Ra6 22. Qb2 Nf6 23. e4 Nc6 24. Ne2 Qa8 25. Ra1 Ne8 26. f4 Nd8 27. Kh1 Nc6 28.
h3 Bf8 29. e5 d5 30. cxd5 exd5 31. f5 Ne7 32. Nbd4 Nc7 33. f6 Ng6 34. Qd2 Re8
35. e6 Nxe6 36. Nf5 d4 37. Rxa6 Qxa6 38. fxg7 Nxg7 39. Nh6+ Kh8 40. Nxf7+ Kg8
41. Bxd4 Nf5 42. Bd5 Nxd4 43. Nxd4 Be6 44. Nxe6 Rxe6 45. Ng5 Bh6 46. h4 Ne5 47.
Bxe6+ Kg7 48. Qf4 1-0

[Event "14. Abierto de la Constitucion"]
[Site "San Sebastian delos Reyes ESP"]
[Date "2012.12.02"]
[Round "2.3"]
[White "Largo Barbero, Benito"]
[Black "Gonzalez Mateos, Rafael"]
[Result "1/2-1/2"]
[WhiteElo "1871"]
[BlackElo "2128"]
[PlyCount "33"]
[EventDate "2012.12.01"]
[EventType "swiss"]
[EventRounds "9"]
[EventCountry "ESP"]
[Source "lmi"]
[SourceDate "2012.12.01"]

1. d4 Nf6 2. Nf3 e6 3. Bf4 c5 4. e3 Qb6 5. Nc3 cxd4 6. Nxd4 a6 7. Rb1 Bb4 8.
Nde2 Nd5 9. Be5 O-O 10. a3 Bxc3+ 11. Nxc3 Qa5 12. Qd2 Nc6 13. Bd6 Nxc3 14. Qxc3
Qxc3+ 15. bxc3 Re8 16. c4 e5 17. c5 1/2-1/2

[Event "14. Abierto de la Constitucion"]
[Site "San Sebastian delos Reyes ESP"]
[Date "2012.12.02"]
[Round "2.4"]
[White "Perez Alvarez, Javier"]
[Black "Lopez De Turiso, Jose Angel"]
[Result "0-1"]
[WhiteElo "1824"]
[BlackElo "2070"]
[PlyCount "34"]
[EventDate "2012.12.01"]
[EventType "swiss"]
[EventRounds "9"]
[EventCountry "ESP"]
[Source "lmi"]
[SourceDate "2012.12.01"]

1. e4 d5 2. exd5 Qxd5 3. Nc3 Qd6 4. d4 Nf6 5. Nge2 Bg4 6. f3 Bf5 7. Bf4 Qd7 8.
Ng3 Bg6 9. Qd2 e6 10. Nge4 Nxe4 11. Nxe4 Nc6 12. c3 O-O-O 13. O-O-O Qd5 14. Kb1
e5 15. Be3 f5 16. Bg5 fxe4 17. Bxd8 e3+ 0-1

[Event "14. Abierto de la Constitucion"]
[Site "San Sebastian delos Reyes ESP"]
[Date "2012.12.02"]
[Round "2.5"]
[White "Garcia Prados, David"]
[Black "Plazuelo Pascual, Juan"]
[Result "0-1"]
[WhiteElo "2025"]
[BlackElo "1851"]
[PlyCount "82"]
[EventDate "2012.12.01"]
[EventType "swiss"]
[EventRounds "9"]
[EventCountry "ESP"]
[Source "lmi"]
[SourceDate "2012.12.01"]

1. e4 e6 2. d3 d5 3. Nd2 c5 4. Ngf3 Nc6 5. g3 Nf6 6. Bg2 Be7 7. O-O O-O 8. h3
b5 9. Nh2 Bb7 10. Re1 Qc7 11. c3 Rfd8 12. f4 dxe4 13. dxe4 c4 14. Qe2 Bc5+ 15.
Kh1 Rd3 16. Nhf1 Ne7 17. b3 Bb6 18. bxc4 Qc5 19. Nh2 bxc4 20. Nhf3 Rad8 21. Bb2
Nh5 22. Kh2 Qf2 23. Qxf2 Bxf2 24. Nxc4 Bxg3+ 25. Kg1 Bxe1 26. Nxe1 Rd1 27. Rxd1
Rxd1 28. Kf2 Nxf4 29. Bf3 Nxh3+ 30. Ke2 Rd8 31. Ke3 Ng5 32. Bg2 Ba6 33. Ne5 f6
34. Ba3 Rd1 35. N5d3 Nc6 36. Ke2 Rxe1+ 37. Kxe1 Bxd3 38. Bc5 Bxe4 39. Bf1 h5
40. Kf2 h4 41. Be2 Bd5 0-1